Struggles and others v Lloyds TSB plc (Record no. 62539)

MARC details
000 -LEADER
fixed length control field 00773cam a2200193 4500
001 - CONTROL NUMBER
control field X104219
008 - FIXED-LENGTH DATA ELEMENTS--GENERAL INFORMATION
fixed length control field 000000n2000 000 0 eng u
035 ## - SYSTEM CONTROL NUMBER
System control number (Sirsi) u104219
245 ## - TITLE STATEMENT
Title Struggles and others v Lloyds TSB plc
260 ## - PUBLICATION, DISTRIBUTION, ETC.
Date of publication, distribution, etc. 2000
490 ## - SERIES STATEMENT
Series statement Estates Gazette Case Summaries
Volume/sequential designation [2000] EGCS 17 (1)
520 ## - SUMMARY, ETC.
Summary, etc. T&CC 1 February 2000. Mortgagee bank exercising right to sell claimants' property. Claimants claiming loss by reason of bank's failure to acheive proper market price. Whether bank taking reasonable care to obtain a proper price. Claim dismissed.
650 ## - SUBJECT ADDED ENTRY--TOPICAL TERM
Topical term or geographic name entry element STRUGGLES AND OTHERS V LLOYDS TSB PLC
650 ## - SUBJECT ADDED ENTRY--TOPICAL TERM
Topical term or geographic name entry element MORTGAGES
650 ## - SUBJECT ADDED ENTRY--TOPICAL TERM
Topical term or geographic name entry element MARKET PRICE
650 ## - SUBJECT ADDED ENTRY--TOPICAL TERM
Topical term or geographic name entry element REASONABLE CARE
690 ## - LOCAL SUBJECT ADDED ENTRY--TOPICAL TERM (OCLC, RLIN)
Topical term or geographic name as entry element HOUSING-HOUSING FINANCE-CASE LAW
942 ## - ADDED ENTRY ELEMENTS (KOHA)
Suppress in OPAC 0
Holdings
Withdrawn status Lost status Source of classification or shelving scheme Damaged status Not for loan Home library Current library Shelving location Date acquired Total Checkouts Full call number Barcode Date last seen Copy number Price effective from Koha item type
    Dewey Decimal Classification     London London News article 17/02/2000   X104219 104219-1001 06/08/2019 1 06/08/2019 Law report